| 000 | 00376nam a2200145Ia 4500 | ||
|---|---|---|---|
| 005 | 20250430052601.0 | ||
| 008 | 240331s9999 xx 000 0 und d | ||
| 082 |
_bWIC _a891 |
||
| 100 | _aWickramasinghe,K.D.P | ||
| 245 | 0 | _aNuthana sinhala sahithyaya | |
| 260 |
_aColombo _bM.d.Gunasena & Co _c1965 |
||
| 300 | _a575 p ., | ||
| 650 | _aModern Sinhalese literature | ||
| 942 | _cL | ||
| 999 |
_c4894 _d4894 |
||